<The> Ethical Aspect of the Business in Insurance in the Conditions of a Globalized Financial Market

Etika a spoločenská zodpovednosť pri vykonávaní poisťovacej a sprostredkovateľskej činnosti. Podnikateľská etika, ktorá posudzuje ekonomické aktivity podniku na základe morálnych hodnôt so zameraním sa na dlhodobý rozvoj a prosperitu. Situácia na poistnom trhu v Slovenskej republike.

Na minha lista:
Detalhes bibliográficos
Autor principal: Meluchová, Jitka, 1965-
Outros Autores: Mateášová, Martina, 1979-
Formato: Capítulo de Livro
Idioma:eslovaco
Assuntos:
Tags: Adicionar Tag
Sem tags, seja o primeiro a adicionar uma tag!

MARC

LEADER 00000nla a2200000 4500
001 0212935
005 20240502083533.6
041 0 |a slo 
044 |a CZ 
245 1 0 |a <The> Ethical Aspect of the Business in Insurance in the Conditions of a Globalized Financial Market  |c Jitka Meluchová 
520 |a Etika a spoločenská zodpovednosť pri vykonávaní poisťovacej a sprostredkovateľskej činnosti. Podnikateľská etika, ktorá posudzuje ekonomické aktivity podniku na základe morálnych hodnôt so zameraním sa na dlhodobý rozvoj a prosperitu. Situácia na poistnom trhu v Slovenskej republike. 
610 2 0 |a etika aplikovaná 
610 2 0 |a etika podnikateľská 
610 2 0 |a transparentnosť 
610 2 0 |a podnikanie zodpovedné 
610 2 0 |a sprostredkovatelia 
610 2 0 |a trh poistný 
610 2 0 |a Slovensko 
100 1 |a Meluchová, Jitka, 1965- 
700 1 |a Mateášová, Martina, 1979-